Conan Gray - The Best - All lyrics - Statistics

General Stats
  • This quiz has been taken 98 times
  • The average score is 296 of 353
Answer Stats
Answer % Correct
a
100%
I
98%
It
98%
it,
98%
it
98%
the
98%
the—
98%
you
98%
all
95%
was
93%
was,
93%
We
93%
we
93%
best
90%
if
90%
in
90%
make
90%
me
90%
me?
90%
with
90%
could
88%
it's
88%
mind
88%
my
88%
of
88%
to
88%
bad
85%
not
85%
saw
85%
so
85%
that
85%
That
85%
time,
85%
time
85%
When
85%
when
85%
wish
85%
your
85%
back
83%
go
83%
Maybe
83%
night
83%
peace
83%
were
83%
Did
80%
even
80%
ever
80%
have
80%
is
80%
left
80%
left,
80%
mean
80%
really
80%
this
80%
tonight
80%
year
80%
But
78%
Do
78%
friends?
78%
good
78%
out
78%
pissed
78%
sleep
78%
swear
78%
sweatshirt,
78%
they
78%
anything?
75%
finally
75%
Finally
75%
Haunting
75%
know
75%
like
75%
Like
75%
memories
75%
now
75%
said
75%
take
75%
why
75%
wonder,
75%
wonder
75%
wouldn't
75%
Arms
73%
chocolate
73%
end
73%
For
73%
last
73%
Mint
73%
past
73%
shit
73%
Sometimes
73%
times,
73%
without
73%
yours
73%
And
70%
cream,
70%
eyes
70%
hate
70%
hazel
70%
ice
70%
just
70%
miss
70%
Nothing
70%
still
70%
at
68%
buzz
68%
cut,
68%
I'd
68%
leave
68%
leaving
68%
primrose
68%
remember
68%
short
68%
don’t
65%
hair
65%
low
65%
say
65%
come
63%
gonna
63%
mouth
63%
once
63%
quickly
63%
something
63%
words
63%
away
60%
closed
60%
door
60%
walked
60%
window
60%
by
58%
Grew
58%
wanna
58%
watch
55%
stood
53%
waiting
53%
While
43%
No matching quizzes found
Score Distribution
Percent of People with Each Score
Percentile by Number Answered
Your Score History
You have not taken this quiz